Statistiques concernant Vainqueurs d'étapes sur les 3 Grand Tours - Cyclisme

Cliquez ici pour prendre le quiz!

Statistiques générales

  • Ce quiz a été pris 82 fois
  • Le résultat moyen est 19 sur 106

Statistiques - réponses

RangCoureurPaysGiroTourVueltaTotalDernière victoires% Correct
1Eddy MerckxBelgique24346641975
89%
5Bernard HinaultFrance6287411986
85%
31Christopher FroomeRoyaume Uni275142018
82%
3Mark CavendishRoyaume Uni17343542023
79%
34Vincenzo NibaliItalie761142019
70%
25Primoz RoglicSlovénie4310172023
64%
23Peter SaganSlovaquie2124182021
62%
26Alejandro ValverdeEspagne1412172019
52%
15Jacques AnquetilFrance6161231964
52%
39Laurent FignonFrance292131992
52%
88Thibaut PinotFrance13262019
52%
12Laurent JalabertFrance3418252001
50%
20Marcel KittelAllemagne4141192017
45%
16André GreipelAllemagne7114222017
44%
75Nairo QuintanaColombie33282019
44%
94Dan MartinIrlande12252021
38%
2Mario CipolliniItalie42123572003
35%
51Caleb EwanAustralie551112021
33%
95Matej MohoricSlovénie13152023
33%
65Tom DumoulinPays Bas43292018
32%
35Joaquim RodriguezEspagne239142015
30%
64Magnus Cort NielsenDanemark12692023
30%
4Alessandro PetacchiItalie22620482011
29%
90Mads PedersenDanemark21362023
29%
33Thor HushovdNorvège1103142011
29%
52Philippe GilbertBelgique317112019
27%
57Sam BennettIrlande325102022
27%
59Michael MatthewsAustralie343102023
26%
63Simon YatesRoyaume Uni622102022
26%
24Djamolidine AbdoujaparovOuzbékistan197171996
24%
67Elia VivianiItalie51392019
23%
45John DegenkolbAllemagne1110122018
23%
106Lennard KamnaAllemagne11112023
23%
99Rohan DennisAustralie11242018
23%
81Fabio AruItalie31262017
21%
56Lucien Van ImpeBelgique191111983
21%
9Fancesco MoserItalie2322271986
20%
48Federico BahamontesEspagne173111964
20%
32Felice GimondiItalie671141976
20%
8Marino BassoItalie1566271975
20%
37Alex ZulleSuisse329142000
17%
19Tony RomingerSuisse5313211996
17%
74Denis MenchovRussie21582012
15%
7Freddy MaertensBelgique71513351981
15%
14Roger De VlaeminckBelgique2211241984
15%
41Hugo KobletSuisse751131956
14%
70Paolo BettiniItalie21582008
14%
104Rigoberto UranColombie21142022
14%
91Thomas De GendtBelgique22152022
14%
76Matteo TrentinItalie13482019
12%
60David MillarRoyaume Uni145102012
11%
28Gianni BugnoItalie942151998
11%
96Robert MillarRoyaume Uni13151989
11%
102Ion IzagirreEspagne12142023
9%
71Luis HerreraColombie33281992
9%
6Rik Van LooyBelgique12718371969
9%
49Daniele BennatiItalie326112011
6%
54Gilberto SimoniItalie812112007
6%
69Jean François BernardFrance43181990
6%
73Thierry MarieFrance16181992
6%
87Charly MottetFrance13261991
5%
44Dietrich ThurauAllemagne265131979
5%
55Jan SvoradaRépublique Tchèque533112001
5%
21Rudi AltigAllemagne486181969
5%
42Eddy PlanckaertBelgique1210131989
3%
77Erik BreukinkPays Bas24171992
3%
27Fiorenzo MagniItalie673161955
3%
82Giovanni BattaglinItalie41161981
3%
10Guido BontempiItalie1664261993
3%
105Juan Manuel GarateEspagne11112009
3%
92Pablo LastrasEspagne11352012
3%
85Tyler FarrarEtats Unis21362012
3%
40Walter GodefrootBelgique1102131975
3%
17Jean Paul Van PoppelPays Bas499221994
2%
62Jean StablinskiFrance253101967
2%
36Marcel WustAllemagne1112142000
2%
72Marino LejarretaEspagne21581991
2%
97Sergei OutschakovUkraine21251999
2%
78Aito GonzalezEspagne31372004
0%
80Bernardo RuizEspagne12471955
0%
66Dimitri KonyshevRussie44192001
0%
61Edward SelsBelgique172101969
0%
79Ercole GualazziniItalie42171977
0%
68Fabio BaldatoItalie42282003
0%
18Gerben KarstensPays Bas1614211976
0%
58Guido CarlesiItalie721101965
0%
43Guido ReybrouckBelgique364131970
0%
50Jeroen BlijlevensPays Bas245111999
0%
98Jesper SkibbyDanemark11351995
0%
30José Manuel FuenteEspagne923141974
0%
46Julio JimenezEspagne453121968
0%
84Laudelino CubinoEspagne21361995
0%
86Massimo GhirottoItalie32161994
0%
89Michel PollentierBelgique13261984
0%
53Miguel Maria LasaEspagne326111981
0%
11Miguel PobletEspagne2033261960
0%
47Nicola MinaliItalie237121998
0%
22Nino DefilippisItalie972181964
0%
103Oliverio RiconColombie11241996
0%
38Pierino BaffiItalie454131963
0%
29Rik Van LindenBelgique942151977
0%
13Rik Van SteebergenBelgique1546251957
0%
83Rino BenedettiItalie41161962
0%
100Seamus ElliottIrlande11241963
0%
101Simon GerrensAustralie12142013
0%
93Vicente Lopez CarrilEspagne13151976
0%

Distribution des résultats

Percentile par nombre de réponses

% des personnes avec chaque résultat

Votre développement - résultats

Vous n’avez pas pris ce quiz